| 000 | 00432nam a2200193Ia 4500 | ||
|---|---|---|---|
| 005 | 20240823040705.0 | ||
| 008 | 240823s9999||||xx |||||||||||||| ||und|| | ||
| 020 | _a978-81-8357-563-8 | ||
| 041 | _aENGLISH | ||
| 082 | _A823.912 | ||
| 100 | _aSen S. | ||
| 245 | 0 | _aD H Lawrence Sons and Lovers | |
| 250 | _a1st | ||
| 260 | _bUnique Publica | ||
| 500 | _aYES | ||
| 650 |
_aGeneral _bGeneral |
||
| 942 | _cBK | ||
| 999 |
_c203723 _d203723 |
||